Baloncesto: técnica individual de ataque
Salvato in:
| Autori principali: | , |
|---|---|
| Natura: | Libro |
| Lingua: | spagnolo |
| Pubblicazione: |
Madrid
Gymnos
1998
|
| Soggetti: | |
| Tags: |
Aggiungi Tag
Nessun Tag, puoi essere il primo ad aggiungerne!!
|
MARC
| LEADER | 00000nam a2200000 a 4500 | ||
|---|---|---|---|
| 001 | UCP5747 | ||
| 003 | CL-VaPUC | ||
| 008 | 990927e19980000SP |||||||||||||||||spa|d | ||
| 082 | 0 | 4 | |a 796.323 |b ALD |2 21 |
| 100 | 0 | |a Alderete Vicent, José Luis |e author |9 434312 | |
| 700 | 0 | |a Osma Fernández, Jorge Juan |e author |9 434313 | |
| 245 | 1 | 0 | |a Baloncesto: técnica individual de ataque |
| 300 | |a 169 p | ||
| 942 | |c BK | ||
| 945 | |d 19990927 00:00:00 |a cmena | ||
| 260 | |a Madrid |b Gymnos |c 1998 | ||
| 650 | 0 | |a Deportes con balón |9 434314 | |
| 650 | 7 | |a BASQUETBOL |2 CL-VaPUC |9 434315 | |
| 583 | |a last modification |c 19990927 00:00:00 |k Rodrigo Vera | ||
| 999 | |c 283416 |d 283414 | ||
| 952 | |0 0 |1 0 |4 0 |6 796_323000000000000_ALD_1998 |7 0 |8 A |9 326574 |a BIBEDU |b BIBEDU |d 2019-11-20 |i 356164K |o 796.323 ALD 1998 |p 356164K |r 2023-08-09 |w 2019-11-20 |y BK |k EFI | ||
| 952 | |0 0 |1 0 |4 0 |6 796_323000000000000_ALD_1998 |7 0 |8 A |9 326575 |a BIBEDU |b BIBEDU |d 2019-11-20 |i 3668347 |l 1 |o 796.323 ALD 1998 |p 3668347 |r 2025-03-24 |s 2025-03-17 |w 2019-11-20 |y BK |k EFI | ||